000 00569nam a2200217Ia 4500
005 20250508151555.0
008 008 250505s9999 xx 000 0 eng d
037 _aTextBook
040 _aFEDL
_beng
_cFEDL
041 _aeng
_2eng
084 _a155.4, THO
_qFEDL
100 _aLouise Thorhe
_9759541
245 0 _aChild psychology development
250 _a2
260 _aNew York, USA
_bRonald Press Company
_c1955
300 _a709p
365 _aINR
_b30
650 _aChild Psychology
942 _cTB
_h155.4, THO
999 _c1330715
_d1330715